000 00409nam a22001577a 4500
005 20260422145009.0
008 260422b |||||||| |||| 00| 0 eng d
020 _a9788178846613
050 _aP96
_b.C74
100 _aSehgal, Vivek
245 _aMedia and Crime
_cVivek Sehgal
250 _a1st ed.
260 _aNew Delhi
_bCyber Tech Publications
_c2010
300 _a256p.
_bill.
_c22cm
942 _2lcc
_cBK
_n0
999 _c9507
_d9507